Removal of some heavy metals from wastewater by using a composite of chitosan and metal organic framework MIL (53 FE) / (رقم التسجيلة. 179048)
[ عرض عادي ]
| 000 -LEADER | |
|---|---|
| fixed length control field | 03463namaa22004211i 4500 |
| 003 - CONTROL NUMBER IDENTIFIER | |
| control field | EG-GICUC |
| 005 - أخر تعامل مع التسجيلة | |
| control field | 20260412112111.0 |
| 008 - FIXED-LENGTH DATA ELEMENTS--GENERAL INFORMATION | |
| fixed length control field | 260315s2025 ua a|||frm||| 000 0 eng d |
| 040 ## - CATALOGING SOURCE | |
| Original cataloguing agency | EG-GICUC |
| Language of cataloging | eng |
| Transcribing agency | EG-GICUC |
| Modifying agency | EG-GICUC |
| Description conventions | rda |
| 041 0# - LANGUAGE CODE | |
| Language code of text/sound track or separate title | eng |
| Language code of summary or abstract | eng |
| -- | ara |
| 049 ## - Acquisition Source | |
| Acquisition Source | Deposit |
| 082 04 - DEWEY DECIMAL CLASSIFICATION NUMBER | |
| Classification number | 660.2 |
| 092 ## - LOCALLY ASSIGNED DEWEY CALL NUMBER (OCLC) | |
| Classification number | 660.2 |
| Edition number | 21 |
| 097 ## - Degree | |
| Degree | Ph.D |
| 099 ## - LOCAL FREE-TEXT CALL NUMBER (OCLC) | |
| Local Call Number | Cai01.13.04.Ph.D.2025.Sa.R |
| 100 0# - MAIN ENTRY--PERSONAL NAME | |
| Authority record control number or standard number | Sameh Mohamed Fouad Kamel, |
| Preparation | preparation. |
| 245 10 - TITLE STATEMENT | |
| Title | Removal of some heavy metals from wastewater by using a composite of chitosan and metal organic framework MIL (53 FE) / |
| Statement of responsibility, etc. | by Sameh Mohamed Fouad Kamel ; Supervisors Prof. Dr. Nabil Mahmoud Abdelmonem. |
| 246 15 - VARYING FORM OF TITLE | |
| Title proper/short title | إزالة بعض العناصر الثقيلة من مياه الصرف بإستخدام مركب من الشيتوزان والهيكل الفلزى العضوى للحديد |
| 264 #0 - PRODUCTION, PUBLICATION, DISTRIBUTION, MANUFACTURE, AND COPYRIGHT NOTICE | |
| Date of production, publication, distribution, manufacture, or copyright notice | 2025. |
| 300 ## - PHYSICAL DESCRIPTION | |
| Extent | 86 pages : |
| Other physical details | illustrations ; |
| Dimensions | 30 cm. + |
| Accompanying material | CD. |
| 336 ## - CONTENT TYPE | |
| Content type term | text |
| Source | rda content |
| 337 ## - MEDIA TYPE | |
| Media type term | Unmediated |
| Source | rdamedia |
| 338 ## - CARRIER TYPE | |
| Carrier type term | volume |
| Source | rdacarrier |
| 502 ## - DISSERTATION NOTE | |
| Dissertation note | Thesis (Ph.D)-Cairo University, 2025. |
| 504 ## - BIBLIOGRAPHY, ETC. NOTE | |
| Bibliography, etc. note | Bibliography: pages 76-86. |
| 520 #3 - SUMMARY, ETC. | |
| Summary, etc. | This thesis focuses on the removal of some heavy metals from wastewater by using a composite of chitosan and metal organic framework mil (53 Fe), measures must be taken to decrease the amount of heavy metals in water to acceptable levels, chitosan is the most abundant basic biopolymer after cellulose, it was synthesized by chemical method, metal organic framework (53 Fe) was synthesized by hydrothermal method, a composite of chitosan and metal organic framework was synthesized to remove some heavy metals (Cu, Cr, Zn and pb) from wastewater. |
| 520 #3 - SUMMARY, ETC. | |
| Summary, etc. | تم إزالة بعض المعادن الثقيلة من مياه الصرف بإستخدام مركب من الشيتوزان والهيكل الفلزى العضوى للحديد وتحتوي مياه الصرف على نسبة عالية من المعادن الثقيلة خاصة النحاس والكروم والزنك والرصاص والتي تسبب الكثير من الأمراض للإنسان والحيوان والنبات وتم تصنيع الشيتوزان من قشور الجمبري المصري من خلال ثلاث خطوات رئيسية وهي نزع المعادن وإزالة البروتين ونزع الأسيتيل وقد تم تصنيع الهيكل الفلزى العضوى للحديد بالطريقة الحرارية المائية وقد تم تحضير المركب عن طريق خلط الشيتوزان والهيكل الفلزى العضوى للحديد بكميات وشروط محددة لإزالة بعض المعادن الثقيلة مثل النحاس والكروم والزنك والرصاص من مياه الصرف. |
| 530 ## - ADDITIONAL PHYSICAL FORM AVAILABLE NOTE | |
| Issues CD | Issues also as CD. |
| 546 ## - LANGUAGE NOTE | |
| Text Language | Text in English and abstract in Arabic & English. |
| 650 #0 - SUBJECT ADDED ENTRY--TOPICAL TERM | |
| Topical term or geographic name entry element | Chemical Engineering |
| 650 #0 - SUBJECT ADDED ENTRY--TOPICAL TERM | |
| Topical term or geographic name entry element | الهندسة الكيميائية |
| 653 #1 - INDEX TERM--UNCONTROLLED | |
| Uncontrolled term | Removal |
| -- | Heavy metals |
| -- | Composite |
| -- | Chitosan |
| -- | MOF |
| -- | إزالة |
| -- | المعادن الثقيلة |
| 700 0# - ADDED ENTRY--PERSONAL NAME | |
| Personal name | Nabil Mahmoud Abdelmonem |
| Relator term | thesis advisor. |
| 900 ## - Thesis Information | |
| Grant date | 01-01-2025 |
| Supervisory body | Nabil Mahmoud Abdelmonem |
| Discussion body | Mohamed Hanafy Mahmoud Sayed |
| -- | Ehsan Mohamed Reda Nasef |
| Universities | Cairo University |
| Faculties | Faculty of Engineering |
| Department | Department of Chemical Engineering |
| 905 ## - Cataloger and Reviser Names | |
| Cataloger Name | Shimaa |
| Reviser Names | Eman Ghareb |
| 942 ## - ADDED ENTRY ELEMENTS (KOHA) | |
| Source of classification or shelving scheme | Dewey Decimal Classification |
| Koha item type | Thesis |
| Edition | 21 |
| Suppress in OPAC | No |
| Source of classification or shelving scheme | Home library | Current library | Date acquired | Inventory number | Full call number | Barcode | Date last seen | Effective from | Koha item type |
|---|---|---|---|---|---|---|---|---|---|
| Dewey Decimal Classification | المكتبة المركزبة الجديدة - جامعة القاهرة | قاعة الرسائل الجامعية - الدور الاول | 15.03.2026 | 93584 | Cai01.13.04.Ph.D.2025.Sa.R | 01010110093584000 | 15.03.2026 | 15.03.2026 | Thesis |